000 00562nam a22002177a 4500
003 UA-OsUOA
001 78433
007 ta
008 20111011b un ||||| |||| 00| 0 ukr d
100 _aАвакян А.Р.
090 _a34
_bА18
942 _cSA
040 _aUA-OsUOA
_brus
_cUA-OsUOA
_dUA-OsUOA
245 _aФинансово-правовая природа рынка ценных бумаг
300 _aС.101-106
955 _a0
041 _arus
080 _a34
773 0 _w78419
650 7 _a34 Право. Юриспруденція
_2UDC
999 _c364748
_d364748